Dictionary of Contemporary English

Gardado en:
Detalles Bibliográficos
Formato: Libro
Idioma:Vietnamese
Publicado: American : Longman , 2003
Những chủ đề:
Các nhãn: Engadir etiqueta
Sen Etiquetas, Sexa o primeiro en etiquetar este rexistro!
Thư viện lưu trữ: Thư viện Trường CĐ Kỹ Thuật Cao Thắng
LEADER 00559nam a2200193 a 4500
001 TVCDKTCT6295
003 Thư viện trường Cao đẳng Kỹ thuật Cao Thắng
005 20070103000000
008 070103
980 \ \ |a Thư viện Trường CĐ Kỹ Thuật Cao Thắng 
024 |a RG_1 #1 eb0 i4 
020 # # |a 0582776465 
041 0 # |a vie 
082 # # |a 423 /   |b D300C-l 
245 0 0 |a Dictionary of Contemporary English 
260 # # |a American :  |b Longman ,  |c 2003 
300 # # |a 1949tr. ;  |c 24cm 
650 # 4 |a Dictionary 
650 # 4 |a Contemporary English